| 000 | 00768nam a2200217 a 4500 | ||
|---|---|---|---|
| 005 | 20230603063540.0 | ||
| 008 | 060504s2004 mx r 000 0 spa d | ||
| 020 | _a9871105606 | ||
| 035 | _aUPN01000144220 | ||
| 049 | _aCG | ||
| 050 | 4 |
_aLB1564 A7 _bA7.3 |
|
| 245 | 0 | 3 |
_aLa Argentina en la escuela : _bla idea de nación en los textos escolares / _cLuciano de Privitellio ... [et al.] ; coord. por Luis Alberto Romero. |
| 260 |
_aBuenos Aires : _bSiglo XXI, _c2004. |
||
| 300 | _a238 p. | ||
| 440 | 0 | _aHistoria y cultura | |
| 650 | 4 |
_aEducación primaria _zArgentina _96231 |
|
| 651 | 4 |
_aARGENTINA - _xHISTORIA - _xESTUDIO Y ENSEÑANZA (ELEMENTAL) _96229 |
|
| 700 | 1 |
_aPrivitellio, Luciano de, _ecoaut. |
|
| 700 | 1 |
_aRomero, Luis Alberto, _ecoord. |
|
| 905 | _aLibro | ||
| 999 |
_c116367 _d116367 |
||